000
00309nam a2200121Ia 4500
008
191201s2009 xx 000 0 und d
100
_a
GUPTA,S.L.
245
0
_a
Business Policy and Strategic Analysis MBA-2.31DE SEM-3
260
_a
N. Delhi
_b
Vikas Pub
_c
2009
300
_a
316
650
_a
MBA
942
_2
ddc
_c
BK
999
_c
248
_d
248